Využitie výpočtovej techniky v investičnej výstavbe záverečná práca postgraduálneho štúdia

Enregistré dans:
Détails bibliographiques
Auteur principal: Bebjak, Jozef
Collectivité auteur: Vysoká škola ekonomická v Bratislave
Autres auteurs: Dmitrenková, Zuzana
Format: Livre
Langue:slovaque
Publié: Bratislava 1988
Tags: Ajouter un tag
Pas de tags, Soyez le premier à ajouter un tag!

MARC

LEADER 00000nam a2200000 4500
001 c034301
005 20260108081151.7
041 0 |a slo 
044 |a SK 
245 1 0 |a Využitie výpočtovej techniky v investičnej výstavbe  |b záverečná práca postgraduálneho štúdia  |c Jozef Bebjak ; Ved. práce Zuzana Dmitrenková 
264 1 |a Bratislava  |c 1988 
300 |a 36 s. 
100 1 |a Bebjak, Jozef 
700 1 |a Dmitrenková, Zuzana 
710 2 |a Vysoká škola ekonomická v Bratislave